| 000 | 00804cab a2200265 4500 | ||
|---|---|---|---|
| 001 | ABS46222 | ||
| 008 | 090401t1992 xxu||||| |||| 00| 0 eng d | ||
| 035 | _a(Sirsi) u57215 | ||
| 041 | _aeng | ||
| 245 | 4 | _aThe budget and after | |
| 260 | _c1992 | ||
| 350 | _a0 | ||
| 490 |
_aArchitects` Journal _v195(14) 8 April 1992, 52-55(4) |
||
| 520 | _aA response from the construction industry to the Budget. Building cost and tender price index forecast included and also a regional survey. | ||
| 650 | _aBUDGET 1992 | ||
| 650 | _aBUILDING COST INDEX | ||
| 650 | _aCONSTRUCTION INDUSTRY | ||
| 650 | _aECONOMIC FORECASTS | ||
| 650 | _aFORECAST | ||
| 650 | _aBCIS ALL-IN TENDER PRICE INDEX | ||
| 690 | _aBUILT ENVIRONMENT | ||
| 690 | _aECONOMIC AND SOCIAL | ||
| 942 | _n0 | ||
| 948 | _c04/03/1997 | ||
| 999 |
_c34862 _d34862 |
||